| 000 | 02276nam a22003974a 4500 | ||
|---|---|---|---|
| 001 | ebr10265933 | ||
| 003 | CaPaEBR | ||
| 006 | m u | ||
| 007 | cr cn||||||||| | ||
| 008 | 070412s2007 iluab sb 001 0 eng | ||
| 010 | _z 2007015180 | ||
| 015 |
_aGBA770483 _2bnb |
||
| 016 | 7 |
_z101304646 _2DNLM |
|
| 016 | 7 |
_z013833396 _2Uk |
|
| 020 | _z9780226779355 (cloth : alk. paper) | ||
| 020 | _z0226779351 (cloth : alk. paper) | ||
| 040 |
_aCaPaEBR _cCaPaEBR |
||
| 035 | _a(OCoLC)309871218 | ||
| 043 |
_aa-is--- _aawgz--- _aawba--- |
||
| 050 | 1 | 4 |
_aRA644.M2 _bS84 2007eb |
| 082 | 0 | 4 |
_a614.5/32095694 _222 |
| 100 | 1 |
_aSufian, Sandra M. _q(Sandra Marlene) |
|
| 245 | 1 | 0 |
_aHealing the land and the nation _h[electronic resource] : _bmalaria and the Zionist project in Palestine, 1920-1947 / _cSandra M. Sufian. |
| 260 |
_aChicago : _bUniversity of Chicago Press, _cc2007. |
||
| 300 |
_axviii, 385 p. : _bill., maps. |
||
| 504 | _aIncludes bibliographical references (p. [349]-372) and index. | ||
| 505 | 0 | _aArchetypal landscape: healing the land and the nation in the Zionist imagination -- Pathological landscape: epidemiology and medical geography of malaria in Palestine -- Potential landscape: swamp drainage projects and the politics of settlement -- Technological landscape: the Jezreel Valley and the Huleh Valley projects -- Perceptual landscape: scientific experimentation, colonial medicine, and the medicalization of Palestine -- Cultural landscape: creating a culture of health through antimalaria education and propaganda -- Contested landscape: Palestinian Arabs and Zionist antimalaria projects -- Ecological landscape: old paradigms, new meanings. | |
| 533 |
_aElectronic reproduction. _bPalo Alto, Calif. : _cebrary, _d2013. _nAvailable via World Wide Web. _nAccess may be limited to ebrary affiliated libraries. |
||
| 650 | 0 |
_aMalaria _zPalestine _xHistory _y20th century. |
|
| 650 | 0 |
_aMalaria _zIsrael _xHistory _y20th century. |
|
| 650 | 0 |
_aZionism _zPalestine _xHistory _y20th century. |
|
| 650 | 0 |
_aZionism _zIsrael _xHistory _y20th century. |
|
| 655 | 7 |
_aElectronic books. _2local |
|
| 710 | 2 | _aebrary, Inc. | |
| 856 | 4 | 0 |
_uhttp://site.ebrary.com/lib/rucke/Doc?id=10265933 _zAn electronic book accessible through the World Wide Web; click to view |
| 999 |
_c10507 _d10507 |
||